| 000 | 00411cam a2200157 4500 | ||
|---|---|---|---|
| 001 | E98409 | ||
| 008 | 090401t1999 xxu||||| |||| 00| 0 eng d | ||
| 035 | _a(Sirsi) u99882 | ||
| 041 | _aeng | ||
| 110 |
_aRoyal Institution of Chartered Surveyors _bScotland _93082 |
||
| 245 | _aOur vision: Scotland's future. | ||
| 260 |
_aEdinburgh _bRICS in Scotland _c1999 |
||
| 300 | _a8p. ; 30cm | ||
| 350 | _a0 | ||
| 942 | _n0 | ||
| 999 |
_c99510 _d99510 |
||